La experiencia de la memoria (Record no. 178845)
[ view plain ]
| 000 -LEADER | |
|---|---|
| campo de control de longitud fija | 01020nam a2200277 4500 |
| 001 - NÚMERO DE CONTROL | |
| campo de control | 178845 |
| 003 - IDENTIFICADOR DE NÚMERO DE CONTROL | |
| campo de control | ES-MaACL |
| 005 - FECHA Y HORA DE LA ÚLTIMA TRANSACCIÓN | |
| campo de control | 20250629082010.0 |
| 008 - DATOS DE LONGITUD FIJA--INFORMACIÓN GENERAL | |
| campo de control de longitud fija | 110718s2010 sp |||| |dspa d |
| 020 ## - NÚMERO INTERNACIONAL ESTÁNDAR DEL LIBRO | |
| Número Internacional Estándar del Libro | 978-84-8359-184-0 |
| 080 ## - NÚMERO DE LA CLASIFICACIÓN DECIMAL UNIVERSAL | |
| Número de la Clasificación Decimal Universal | 821.134.2-14"19" |
| 100 1# - ENTRADA PRINCIPAL--NOMBRE DE PERSONA | |
| Nombre de persona | Benito de Lucas, Joaquín. |
| 9 (RLIN) | 27672 |
| 245 13 - MENCIÓN DEL TÍTULO | |
| Título | La experiencia de la memoria |
| Resto del título | : (poesía 1957-2009) / |
| Mención de responsabilidad, etc. | Joaquín Benito de Lucas ; prólogo, Pedro J. de la Peña. |
| 250 ## - MENCION DE EDICION | |
| Mención de edición | 1ª ed. |
| 260 ## - PUBLICACIÓN, DISTRIBUCIÓN, ETC. | |
| Lugar de publicación, distribución, etc. | Madrid : |
| Nombre del editor, distribuidor, etc. | Calambur, |
| Fecha de publicación, distribución, etc. | 2010. |
| 300 ## - DESCRIPCIÓN FÍSICA | |
| Extensión | 2 v. (679, 642 p.) ; |
| Dimensiones | 23 cm. |
| 490 1# - MENCIÓN DE SERIE | |
| Mención de serie | Calambur poesía ; |
| Designación de volumen o secuencia | 105 |
| 504 ## - NOTA DE BIBLIOGRAFÍA, ETC. | |
| Nota de bibliografía, etc. | Bibliografía: p. 643-[666], 605-[628] |
| 700 0# - ENTRADA AGREGADA--NOMBRE PERSONAL | |
| Nombre de persona | Peña, Pedro J. de la, |
| Fechas asociadas al nombre | 1944-2023 |
| 9 (RLIN) | 90243 |
| 710 1# - ENTRADA AGREGADA--NOMBRE DE ENTIDAD CORPORATIVA | |
| Nombre de entidad corporativa o nombre de jurisdicción como elemento de entrada | Talavera de la Reina. |
| Unidad subordinada | Ayuntamiento |
| 9 (RLIN) | 6902 |
| 830 0# - PUNTO DE ACCESO ADICIONAL DE SERIE-TÍTULO UNIFORME | |
| Título uniforme | Calambur poesía |
| Designación de volumen o secuencia | 105 |
| 9 (RLIN) | 182221 |
| 852 ## - LOCALIZACIÓN | |
| Ubicación | ES-MaACL |
| itemnumber | 185710 |
| Sublocalización o colección | R.145989 |
| Número de control de estantería | A-11355 |
| Ubicación en estantería | Depósito 1 |
| Signatura antigua | Olim: N-4359 |
| Designación de la unidad física | v.1 |
| 852 ## - LOCALIZACIÓN | |
| Ubicación | ES-MaACL |
| itemnumber | 200490 |
| Sublocalización o colección | R.145989 |
| Número de control de estantería | A-11356 |
| Ubicación en estantería | Depósito 1 |
| Signatura antigua | Olim: 4360 |
| Designación de la unidad física | v.2 |
| 942 ## - ELEMENTOS DE ENTRADA SECUNDARIOS (KOHA) | |
| Fuente del sistema de clasificación o colocación | Clasificación decimal universal |
| Estatus retirado | Estado de pérdida | Fuente del sistema de clasificación o colocación | Estado de daño | No para préstamo | Biblioteca de origen | Biblioteca actual | Ubicación en estantería | Fecha de adquisición | Fuente de adquisición | Enumeración/cronología de publicación seriada | Total de préstamos | Signatura topográfica completa | Código de barras | Visto por última vez | Precio de reemplazo | Tipo de ítem Koha |
|---|---|---|---|---|---|---|---|---|---|---|---|---|---|---|---|---|
| Clasificación decimal universal | Biblioteca del Ateneo de Madrid | Biblioteca del Ateneo de Madrid | Depósito 1 | 18/07/2011 | Donación | v.1 | A-11355 | 1187865 | 23/02/2023 | 23/02/2023 | Libro impreso | |||||
| Clasificación decimal universal | Biblioteca del Ateneo de Madrid | Biblioteca del Ateneo de Madrid | Depósito 1 | 11/09/2023 | Donación | v.2 | A-11356 | 101205785 | 11/09/2023 | 11/09/2023 | Libro impreso |
